| 000 | 02040cam a2200541 i 4500 | ||
|---|---|---|---|
| 001 | sjds2291820 | ||
| 003 | sjds | ||
| 005 | 20230904160128.0 | ||
| 008 | 190724s2020 maua b 000 1 spa | ||
| 010 | _a 2019019742 | ||
| 020 |
_a9781623542313 _q(hardcover) |
||
| 020 |
_a1623542316 _q(hardcover) |
||
| 020 |
_a9781623541354 _q(paperback) |
||
| 020 |
_a1623541352 _q(paperback) |
||
| 020 | _z9781632899149 (ebook) | ||
| 020 | _z9781632899156 (ebook pdf) | ||
| 035 | _a(OCoLC)1111652737 | ||
| 035 | _a2291820 | ||
| 040 |
_aNJQ/DLC _beng _erda _cDLC _dBDX _dOCLCF _dOCLCO _dGZW _dTXSCH _dSO$ _dTXHLC _dIFA |
||
| 041 | 1 |
_aspa _heng |
|
| 042 |
_alcac _apcc |
||
| 049 | _aIFAA | ||
| 099 | _f2020 | ||
| 100 | 1 |
_aDurango, Julia, _d1967- _eauthor. |
|
| 240 | 1 | 0 |
_aOne day house. _lSpanish |
| 245 | 1 | 3 |
_aLa casa de algún día / _cJulia Durango ; ilustrado por Bianca Díaz ; traducido por Carlos E. Calvo. |
| 260 |
_aWatertown, MA : _bCharlesbridge, _c[2020] |
||
| 264 | 1 |
_aWatertown, MA : _bCharlesbridge, _c[2020] |
|
| 300 |
_a1 volume (unpaged) : _bcolor illustrations ; _c26 cm |
||
| 336 |
_atext _btxt _2rdacontent |
||
| 336 |
_astill image _bsti _2rdacontent |
||
| 337 |
_aunmediated _bn _2rdamedia |
||
| 338 |
_avolume _bnc _2rdacarrier |
||
| 520 | _aA little boy promises his beloved friend, an elderly lady, that one day he will fix up her old house--and his words inspire the other people in the neighborhood to pitch in and get it done. | ||
| 546 | _aText in Spanish. | ||
| 586 | _aEzra Jack Keats Honor book. | ||
| 650 | 0 |
_aDwellings _vJuvenile fiction. |
|
| 650 | 0 |
_aNeighbors _vJuvenile fiction. |
|
| 650 | 0 |
_aHelping behavior _vJuvenile fiction. |
|
| 650 | 7 |
_aViviendas _vNovela juvenil. _2bidex |
|
| 650 | 7 |
_aVecinos _vNovela juvenil. _2bidex |
|
| 650 | 7 |
_aEsp�ritu de servicio _vNovela juvenil. _2bidex |
|
| 650 | 7 |
_aComunidades _vNovela juvenil. _2bidex |
|
| 700 | 1 |
_aDiaz, Bianca, _eillustrator. |
|
| 700 | 1 |
_aCalvo, Carlos E., _etranslator. |
|
| 942 | _cBK | ||
| 999 |
_c28283 _d28283 |
||
| 999 | _bESPANOL PICTURE BOOKS DURANGO 2020 | ||